Zgadnij państwo po opisie flagi - Statystyki

Ogólne statystyki
  • Ten quiz został rozwiązany 334 razy
  • Średni wynik to 6 z 36
Statystyki odpowiedzi
Opis Pańswto % Poprawnych
Flaga, która nie jest prostokątem Nepal
93%
Flaga identyczna jak Rumuńska, mimo braku powiązania Czad
55%
Flaga jest nazywana "Union Jack" Wielka Brytania
46%
Odwrotność flagi Polski Monako/Indonezja
43%
Od 1977 do 2011 flaga posiadał jeden kolor Libia
42%
Na fladze jest smok o imieniu "Druk" Bhutan
33%
Flaga posiadająca kolor fioletowy Nikaragua/Dominika
31%
Flaga posiada na sobie kontur państwa Cypr/Kosowo
30%
Flaga nazywana liściem klonowym Kanada
29%
Flagi państw słowiańskich z zielonym Białoruś/Bułgaria
26%
Flaga nieposiadająca czerwonego, białego i niebieskiego Jamajka
22%
Flaga jest nazywana złamanym trójzębem Barbados
21%
Flagi państw Układu Warszawskiego które nadal są używane Polska/Czechy
21%
Między 1814 a 1830 flaga była cała biała Francja
18%
Na fladze znajduje się karabin AK-47 Mozambik
17%
W 20-leciu międzywojennym flaga była przez obywateli znienawidzona Niemcy
16%
Od tej flagi pochodzą barwy panafrykańskie Etiopia
13%
Na środku flagi jest zielony cedr Liban
11%
Grecja wymusiła na tym państwie zmianę flagi Macedonia
11%
Pierwsza wersja flagi była identyczna jak Polska Czechy/Madagaskar
10%
W czasie wojny flaga jest odwracana do góry nogami Filipiny
9%
W 2017 dodano do flagi dwa czerwone paski Mauretania
9%
Na fladze znajduje się zwrot "Allachu Akbar" 22 razy Iran
8%
Flaga posiadająca rewers i awers Paragwaj
8%
Flaga była zmieniana 27 razy Afganistan
3%
Flaga w 2001 została zmieniona z powodu kojarzenia jej z ludobójstwem Rwanda
3%
Mimo używania flagi od wieków, oficjalnie flaga została przyjęta w 1999 Japonia
1%
Najczęściej spotykana flaga na morzu Liberia
1%
Kraj posiadający 3 flagi narodowe Urugwaj
1%
Na fladze gwiazdy tworzą słowo "Allah" Uzbekistan
1%
Proporcje pionowych pasów wynoszą 8:9:8 Andora
0%
Flaga ma dwa warianty - oficjalny i dekoracyjny Argentyna
0%
Kolor flagi jest nawiązaniem do flamingów Peru
0%
Wg legendy flagę wymyślił władca kraju podczas podróży do Holandii Rosja
0%
Proporcje flagi to 1:φ Togo
0%
Flaga została zmieniona w 1995 ale w 1997 wrócono do pierwotnej wersji Tuvalu
0%
Nie znaleziono quizów pasujących do podanych kryteriów
Rozkład punktacji
Procent ludzi z każdym wynikiem
Percentyl według liczby udzielonych odpowiedzi
Twoja historia wyników
Nie rozwiązałeś tego quizu